القانون البحري : (رقم التسجيلة. 2927)

تفاصيل مارك
000 -LEADER
fixed length control field 00550nam a22001697a 4500
005 - DATE AND TIME OF LATEST TRANSACTION
control field 20251108164055.0
008 - FIXED-LENGTH DATA ELEMENTS--GENERAL INFORMATION
fixed length control field 250721s1996 xx 000 0 ara d
082 14 - DEWEY DECIMAL CLASSIFICATION NUMBER
Classification number 347.75/كوم
100 1# - MAIN ENTRY--PERSONAL NAME
Personal name كوماني، لطيف جبر
245 10 - TITLE STATEMENT
Title القانون البحري :
Remainder of title السفينه - أشخاص الملاحه - النقل ... /
264 1# - PRODUCTION, PUBLICATION, DISTRIBUTION, MANUFACTURE, AND COPYRIGHT NOTICE
Place of production, publication, distribution, manufacture عمان :
Name of producer, publisher, distributor, manufacturer مكتبة دار الثقافه،
Date of production, publication, distribution, manufacture, or copyright notice 1996.
300 ## - PHYSICAL DESCRIPTION
Extent 294ص
650 17 - SUBJECT ADDED ENTRY--TOPICAL TERM
Topical term or geographic name as entry element القانون البحري
650 17 - SUBJECT ADDED ENTRY--TOPICAL TERM
Topical term or geographic name as entry element القانون التجاري
942 ## - ADDED ENTRY ELEMENTS (KOHA)
Source of classification or shelving scheme Dewey Decimal Classification
Koha item type كتب
المقتنيات
حالة السحب حالة الفقدان مصدر التصنيف حالة التلف غير قابل للإعارة المكتبة الرئيسية المكتبة الحالية موقع الرف تاريخ التزويد الرقم المتسلسل Total Checkouts رقم الإستدعاء تاريخ آخر ظهور تاريخ الفاتورة نوع المادة (كوها) الباركود
    Dewey Decimal Classification     مكتبة أبو علندا العامة مكتبة أبو علندا العامة الإعارة 06/07/2004 20   347.75/كوم 28/07/2025 06/07/2004 كتب DUP-08_20
    Dewey Decimal Classification Unchecked   مكتبة الأميرة ايمان العامة مكتبة الأميرة ايمان العامة الإعارة 06/07/2004 6752   347.75/كوم 28/07/2025 06/07/2004 كتب  
    Dewey Decimal Classification Unchecked   مكتبة الاميرة بديعة مكتبة الاميرة بديعة الإعارة 06/07/2004 4929   347.75/كوم 28/07/2025 06/07/2004 كتب  
    Dewey Decimal Classification Unchecked   مكتبة الجويدة مكتبة الجويدة الإعارة 06/07/2004 4944   347.75/كوم 28/07/2025 06/07/2004 كتب  
    Dewey Decimal Classification     مكتبة النصر العامة مكتبة النصر العامة الإعارة 15/12/2014 7411.   347.75/كوم 28/07/2025 15/12/2014 كتب PLD00312191
    Dewey Decimal Classification     مكتبة صويلح العامة مكتبة صويلح العامة الإعارة 20/04/2019 <10398>   347.75/كوم 28/07/2025 20/04/2019 كتب PLD00451105
    Dewey Decimal Classification     مكتبة وادي السير العامة مكتبة وادي السير العامة الإعارة 19/03/2016 [5754]   347.75/كوم 28/07/2025 19/03/2016 كتب PLD00380922
Implemented & Customized by: BBB with SCIT (Smart Chains for Information Technology)

Powered by Koha